01053nam a22002777a 450000100040000000500170000400800410002102000340006202000330009604000230012905000200015208200150017210000190018724500640020626000420027030000460031249000260035850000200038450500060040452002360041052100180064652100180066465000470068265000260072970000200075545720230425103719.0031212s2004 nyua j 001 0 eng  a0778706672 (rlb : alk. paper) a0778706974 (pb : alk. paper) aDLCcDLCdDLCbeng00aQK49b.A45 200400a582.132221 aAloian, Molly.14aThe life cycle of a flower /cMolly Aloian & Bobbie Kalman. aNew York :bCrabtree Pub. Co.,c2004. a32 pages :bcolor illustrations :c25 cm.1 aThe life cycle series aIncludes index. aQ aThe Life Cycle of a Flower looks at the growth of a flowering plant from seed to the time it is a mature plant capable of producing new seeds. Delightful illustrations, stunning photographs and easy-to-read text help young readers. a860 bLexile aQ bRaz-Plus 0aFlowersxLife cyclesvJuvenile literature. 1aFlowersxLife cycles.1 aKalman, Bobbie.